Logo Biblioteca

En el país de las maravillas_ : (Registro nro. 971)

Detalles MARC
000 -LEADER
fixed length control field 03132nam a22004697a 4500
003 - CONTROL NUMBER IDENTIFIER
control field AR-RoUNCS
005 - DATE AND TIME OF LATEST TRANSACTION
control field 20260313122401.0
007 - PHYSICAL DESCRIPTION FIXED FIELD--GENERAL INFORMATION
fixed length control field ta
008 - FIXED-LENGTH DATA ELEMENTS--GENERAL INFORMATION
fixed length control field 130605s2009 ag gr 001 jdspa d
015 ## - NATIONAL BIBLIOGRAPHY NUMBER
National bibliography number AR-2009
020 ## - INTERNATIONAL STANDARD BOOK NUMBER
International Standard Book Number 978-987-634-186-8
040 ## - CATALOGING SOURCE
Original cataloging agency AR-BaBN
Language of cataloging spa
Transcribing agency AR-RoUNCS
Description conventions aacr
044 ## - COUNTRY OF PUBLISHING/PRODUCING ENTITY CODE
MARC country code ag
ISO country code ar-c
080 0# - UNIVERSAL DECIMAL CLASSIFICATION NUMBER
Universal Decimal Classification number 82-34
Edition identifier 2000
245 00 - TITLE STATEMENT
Title En el país de las maravillas_ :
Remainder of title los mejores cuentos fantásticos /
Statement of responsibility, etc. introducción y selección de Luis Benítez.
250 ## - EDITION STATEMENT
Edition statement 1a ed.
260 ## - PUBLICATION, DISTRIBUTION, ETC.
Place of publication, distribution, etc. Buenos Aires :
Name of publisher, distributor, etc. Ediciones Lea,
Date of publication, distribution, etc. 2009.
300 ## - PHYSICAL DESCRIPTION
Extent 187 p. ;
Dimensions 23 cm.
490 0# - SERIES STATEMENT
Series statement Colección Filo y Contrafilo
505 0# - FORMATTED CONTENTS NOTE
Title El clérigo incestuoso /
Statement of responsibility Margarita de Angulema --
Title El gnomo /
Statement of responsibility Gustavo Adolfo Bécquer --
Title Un habitante de Carcosa /
Statement of responsibility Ambrose Bierce --
Title La condenada /
Statement of responsibility Vicente Blasco Ibáñez --
Title Thanatopía /
Statement of responsibility Rubén Darío --
Title Las hadas de Francia /
Statement of responsibility Alphonse Daudet --
Title Historia de un muerto (contada por él mismo) /
Statement of responsibility Alejandro Dumas --
Title El enemigo /
Statement of responsibility Antón Chéjov --
Title El brujo postergado /
Statement of responsibility Infante don Juan Manuel --
Title Ciudad de la noche pavorosa /
Statement of responsibility Rudyard Kipling --
Title Celefais /
Statement of responsibility Howard Philips Lovecraft --
Title Aire /
Statement of responsibility Emilia Pardo Bazán --
Title William Wilson /
Statement of responsibility Edgar Allan Poe --
Title El fabricante de ataúdes /
Statement of responsibility Alexander Sergéyevich Pushkin --
Title El almohadón de plumas /
Statement of responsibility Horacio Quiroga --
Title La casa del juez /
Statement of responsibility Bram Stoker.
520 3# - SUMMARY, ETC.
Summary, etc. Un impiadoso crítico dijo alguna vez que fue San Juan uno de los primeros escritores del género fantástico al dejarnos su Apocalipsis, pero sin duda hay un exceso de mala fe en esa afirmación.<br/>Y muchas veces los relatos fantásticos fueron considerados como un género menor; sin embargo se olvida que las aventuras de Jasón y los argonautas, las peripecias de Perseo, las tareas de Hércules y la tragedia de Edipo, por sólo citar algunos de los textos hoy clásicos, fueron en su tiempo relatos fantásticos con la misma estructura que los actuales ya que sus personajes no distinguen entre lo real y lo irreal,mientras la suma de elementos reales y elementos increíbles comforman un cosmos donde los hechos másinverosímiles siguen, sin embargo, un desarrollo lógico cercano. (Nota del editor)
650 #7 - SUBJECT ADDED ENTRY--TOPICAL TERM
Topical term or geographic name entry element Literatura
General subdivision Antologías
655 #7 - INDEX TERM--GENRE/FORM
Source of term embne
Genre/form data or focus term Cuentos fantásticos
Form subdivision Antologías
700 1# - ADDED ENTRY--PERSONAL NAME
Personal name Angulema, Margarita de,
Dates associated with a name 1492-1549
700 1# - ADDED ENTRY--PERSONAL NAME
Personal name Bécquer, Gustavo Adolfo,
Dates associated with a name 1836-1870
700 1# - ADDED ENTRY--PERSONAL NAME
Personal name Bierce, Ambrose,
Dates associated with a name 1842-1914?
700 1# - ADDED ENTRY--PERSONAL NAME
Personal name Blasco Ibáñez, Vicente,
Dates associated with a name 1867-1928
700 1# - ADDED ENTRY--PERSONAL NAME
Personal name Darío, Rubén,
Dates associated with a name 1867-1916
700 1# - ADDED ENTRY--PERSONAL NAME
Personal name Daudet, Alphonse,
Dates associated with a name 1840-1897
700 1# - ADDED ENTRY--PERSONAL NAME
Personal name Dumas, Alejandro,
Dates associated with a name 1802-1870
700 1# - ADDED ENTRY--PERSONAL NAME
Personal name Chejov, Anton Pavlovich,
Dates associated with a name 1860-1904
700 1# - ADDED ENTRY--PERSONAL NAME
Personal name Kipling, Rudyard,
Dates associated with a name 1865-1936
700 1# - ADDED ENTRY--PERSONAL NAME
Personal name Don Juan Manuel (Infante),
Dates associated with a name 1282-1348
700 1# - ADDED ENTRY--PERSONAL NAME
Personal name Lovecraft, H. P.,
Dates associated with a name 1890-1937
700 1# - ADDED ENTRY--PERSONAL NAME
Personal name Pardo Bazán, Emilia,
Titles and other words associated with a name Condesa de,
Dates associated with a name 1851-1921
700 1# - ADDED ENTRY--PERSONAL NAME
Personal name Poe, Edgar Allan,
Dates associated with a name 1809-1849
700 1# - ADDED ENTRY--PERSONAL NAME
Personal name Pushkin, Aleksandr Sergeevich,
Dates associated with a name 1799-1837
700 1# - ADDED ENTRY--PERSONAL NAME
Personal name Quiroga, Horacio,
Dates associated with a name 1878-1937
700 1# - ADDED ENTRY--PERSONAL NAME
Personal name Stoker, Bram,
Dates associated with a name 1847-1912
700 1# - ADDED ENTRY--PERSONAL NAME
Personal name Benítez, Luis,
Dates associated with a name 1956-
Relator term compilador
Relationship com
942 ## - ADDED ENTRY ELEMENTS (KOHA)
Source of classification or shelving scheme Universal Decimal Classification
Koha item type Obra General
Suppress in OPAC No
Existencias
Withdrawn status Lost status Source of classification or shelving scheme Damaged status Not for loan Collection Home library Current library Date acquired Source of acquisition Total checkouts Full call number Barcode Date last seen Price effective from Koha item type
    Universal Decimal Classification     Colección General Biblioteca Escuela de Ciencias Sociales Biblioteca Escuela de Ciencias Sociales 13/03/2026 Donación 2023   82-34 EN56 000607 13/03/2026 13/03/2026 Obra General
Biblioteca de la Escuela Preuniversitaria en Ciencias Sociales y Humanísticas.
Riobamba 250 bis.
CP 2000 - Rosario - Santa Fe
E-Mail: biblioteca@esociales.unr.edu.ar